| 000 | 00447cam a22001097a 4500 | ||
|---|---|---|---|
| 008 | 180718b xxu||||| |||| 00| 0 eng d | ||
| 082 | _aXA94068x5462 R | ||
| 245 |
_aReport on indebtedness survey among rural population of Himachal Pradesh _cby Directorate of Economics and Statistics, Himachal Pradesh |
||
| 260 |
_aShimla _bDirectorate of Economics and Statistics _c |
||
| 300 | _a56p. | ||
| 700 | _aHimachal Pradesh.Directorate of Economics and Statistics | ||
| 999 |
_c499061 _d499061 |
||